|
|
|
|
| LEADER |
00775nab a2200181 i 4500 |
| 001 |
misc12171 |
| 005 |
20191106141624.0 |
| 008 |
170607s1968 hu o 0|| hun d |
| 022 |
|
|
|a 0025-0260
|
| 040 |
|
|
|a SZTE Miscellanea Repozitórium
|b hun
|
| 041 |
|
|
|a hun
|
| 100 |
1 |
|
|a Zukovits Imre
|
| 245 |
1 |
2 |
|a A cselekedtetés, a tanulókísérletek hatása a tanulók értelmi tevékenységére
|h [elektronikus dokumentum] /
|c Zukovits Imre
|
| 260 |
|
|
|c 1968
|
| 300 |
|
|
|a 47-67
|
| 490 |
0 |
|
|a Magyar pedagógia : a Magyar Tudományos Akadémia Pedagógiai Bizottságának folyóirata
|v 68 No. 1
|
| 695 |
|
|
|a Tanulói tevékenység, Neveléselmélet módszer, Cselekedtetés, Értelmi tevékenység
|
| 856 |
4 |
0 |
|u http://misc.bibl.u-szeged.hu/12171/1/mp_1968_001_4671_047-067.pdf
|z Dokumentum-elérés
|